Devil In Disguise - Marino - All Lyrics - Statistics

General Stats
  • This quiz has been taken 69 times
  • The average score is 174 of 219
Answer Stats
Answer % Correct
a
100%
A
100%
"A
100%
"You
100%
you
100%
You
100%
an
98%
An
98%
devil
98%
devil,
98%
has
98%
horns?
98%
horns,
98%
I
98%
the
98%
did
96%
he
96%
He
96%
so
96%
So
96%
then
96%
and
94%
And
94%
is
94%
suit
94%
think
94%
tie”
94%
tie
94%
was
94%
wears
94%
hair
92%
his
92%
said,
92%
Said
92%
She
92%
she
92%
But
90%
but
90%
Well,
90%
He's
88%
he's
88%
he’s
88%
wrong,
88%
combed
86%
catch
84%
he'll
84%
He'll
84%
in
84%
nice,
84%
polite,
84%
by
82%
smile
82%
surprise
82%
bright,
80%
down
78%
never
78%
to
76%
bat
73%
disguise
73%
eye
73%
her
73%
her,
73%
street
73%
walking
73%
Walking
73%
gun
71%
knife
71%
know
69%
out
69%
you'd
69%
on
67%
you'll
67%
carrying
65%
hurry
65%
knee
65%
tonight
65%
bag
63%
bag,
63%
feet,
63%
him,
63%
him
63%
one
63%
should
63%
die,
61%
fell
61%
got
61%
it
61%
met
61%
dropped
59%
fight,
59%
handed
59%
like
59%
purse
59%
see
59%
Sunday
59%
that
59%
warning
59%
gave
57%
girl
57%
nothing
57%
when
57%
alone
55%
be
55%
round
55%
will
55%
all
53%
downtown
53%
evil
53%
inside
53%
That's
53%
walked
53%
light
51%
pretty
51%
saying
51%
sight,
51%
signs"
51%
can't
49%
"Good
49%
night"
49%
own
49%
take
49%
as
47%
thanked
47%
home
45%
twice
45%
bone"
41%
checked
41%
"Miss,
41%
strip
39%
Because
37%
clеar
0%
0%
No matching quizzes found
Score Distribution
Percent of People with Each Score
Percentile by Number Answered
Your Score History
You have not taken this quiz